Wilhelm Reich (Registro nro. 126011)

Detalles MARC
000 -LEADER
campo de control de longitud fija 00817nam a2200241 4500
001 - NÚMERO DE CONTROL
campo de control 126011
003 - IDENTIFICADOR DE NÚMERO DE CONTROL
campo de control ES-MaACL
005 - FECHA Y HORA DE LA ÚLTIMA TRANSACCIÓN
campo de control 20250911222627.0
007 - CAMPO FIJO DE DESCRIPCIÓN FÍSICA--INFORMACIÓN GENERAL
campo de control de longitud fija t|
008 - DATOS DE LONGITUD FIJA--INFORMACIÓN GENERAL
campo de control de longitud fija 070214s1977 sp r ||||1| spa d
245 00 - MENCIÓN DEL TÍTULO
Título Wilhelm Reich
Resto del título : orgasmo y orgón /
Mención de responsabilidad, etc. E. Haro Tecglen... [et al.] ; edición preparada por V. Zalbidea ; traducciones de J. L. Castillejo.
260 ## - PUBLICACIÓN, DISTRIBUCIÓN, ETC.
Lugar de publicación, distribución, etc. Madrid :
Nombre del editor, distribuidor, etc. Tropos,
Fecha de publicación, distribución, etc. 1977.
300 ## - DESCRIPCIÓN FÍSICA
Extensión 182 p. :
Otras características físicas il. ;
Dimensiones 22 cm.
490 1# - MENCIÓN DE SERIE
Mención de serie Tropos ;
Designación de volumen o secuencia 9
500 ## - NOTA GENERAL
Nota general Incluye tres textos inéditos de Wilhelm Reich.
700 1# - ENTRADA AGREGADA--NOMBRE PERSONAL
Nombre de persona Haro Tecglen, Eduardo,
Fechas asociadas al nombre 1924-2005
9 (RLIN) 61879
700 1# - ENTRADA AGREGADA--NOMBRE PERSONAL
Nombre de persona Reich, Wilhelm.
9 (RLIN) 95949
700 1# - ENTRADA AGREGADA--NOMBRE PERSONAL
Nombre de persona Zalbidea, V.
9 (RLIN) 117872
700 1# - ENTRADA AGREGADA--NOMBRE PERSONAL
Nombre de persona Castillejo, J. L.
9 (RLIN) 36661
830 0# - PUNTO DE ACCESO ADICIONAL DE SERIE-TÍTULO UNIFORME
Título uniforme Tropos ;
Designación de volumen o secuencia 9
9 (RLIN) 219089
852 ## - LOCALIZACIÓN
Ubicación ES-MaACL
Número de control de estantería E-4250
Sublocalización o colección R.96321
Existencias
Estatus retirado Estado de pérdida Estado de daño No para préstamo Biblioteca de origen Biblioteca actual Ubicación en estantería Fecha de adquisición Fuente de adquisición Total de préstamos Signatura topográfica completa Código de barras Visto por última vez Precio de reemplazo Tipo de ítem Koha
        Biblioteca del Ateneo de Madrid Biblioteca del Ateneo de Madrid Depósito 2 17/01/2008     E-4250 1131258 23/02/2023 23/02/2023 Libro impreso